Apuntes sobre Shakespeare / (Record no. 87104)

MARC details
000 -LEADER
campo de control de longitud fija 00747nam a2200229 i 4500
001 - NÚMERO DE CONTROL
campo de control 87104
003 - IDENTIFICADOR DE NÚMERO DE CONTROL
campo de control ES-MaACL
005 - FECHA Y HORA DE LA ÚLTIMA TRANSACCIÓN
campo de control 20240507111648.0
007 - CAMPO FIJO DE DESCRIPCIÓN FÍSICA--INFORMACIÓN GENERAL
campo de control de longitud fija t|
008 - DATOS DE LONGITUD FIJA--INFORMACIÓN GENERAL
campo de control de longitud fija 041220s1969 sp ||||1| spa d
100 1# - ENTRADA PRINCIPAL--NOMBRE DE PERSONA
Nombre de persona Kott, Jan.
9 (RLIN) 68657
245 10 - MENCIÓN DEL TÍTULO
Título Apuntes sobre Shakespeare /
Mención de responsabilidad, etc. Jan Kott ; [traducción de Jadwija Maurizio].
250 ## - MENCION DE EDICION
Mención de edición [1ª ed.].
260 ## - PUBLICACIÓN, DISTRIBUCIÓN, ETC.
Lugar de publicación, distribución, etc. Barcelona :
Nombre del editor, distribuidor, etc. Seix Barral,
Fecha de publicación, distribución, etc. 1969.
300 ## - DESCRIPCIÓN FÍSICA
Extensión 419 p. ;
Dimensiones 19 cm.
490 1# - MENCIÓN DE SERIE
Mención de serie Biblioteca Breve. Ensayo ;
Designación de volumen o secuencia 270
600 14 - PUNTO DE ACCESO ADICIONAL DE MATERIA--NOMBRE DE PERSONA
Nombre de persona Shakespeare, William,
Fechas asociadas al nombre 1564-1616-
Subdivisión general Crítica e interpretación
9 (RLIN) 105993
700 1# - ENTRADA AGREGADA--NOMBRE PERSONAL
Nombre de persona Maurizio, Jadwija.
9 (RLIN) 79265
830 0# - PUNTO DE ACCESO ADICIONAL DE SERIE-TÍTULO UNIFORME
Título uniforme Biblioteca breve.
-- Ensayo
Designación de volumen o secuencia 270
9 (RLIN) 181348
852 ## - LOCALIZACIÓN
Ubicación ES-MaACL
Número de control de estantería C-39933
Sublocalización o colección R.70940
Holdings
Estatus retirado Estado de pérdida Estado de daño No para préstamo Biblioteca de origen Biblioteca actual Ubicación en estantería Fecha de adquisición Fuente de adquisición Total de préstamos Signatura topográfica completa Código de barras Visto por última vez Precio de reemplazo Tipo de ítem Koha
        Biblioteca del Ateneo de Madrid Biblioteca del Ateneo de Madrid Depósito 2 17/01/2008     C-39933 1091010 23/02/2023 23/02/2023 Libro impreso